| 000 | 00000nam##2200000za#4500 |
| 001 | 9.641955 |
| 003 | CaOODSP |
| 005 | 20210624223450 |
| 007 | cr ||||||||||| |
| 008 | 150407|1965||||xxc|||||o f|0| 0 fre|d |
| 040 | |aCaOODSP|bfre |
| 043 | |an-cn--- |
| 086 | 1 |aA43-880/1965F-PDF |
| 110 | 1 |aCanada.|bAgriculture Canada. |bDirection générale de recherche. |
| 245 | 10|aMaladies et insectes des framboisiers et autres ronces / |h[ressource électronique]|c[par] G.C. Chamberlain, W.L. Putman et A.T. Bolton. |
| 250 | |aRévisé (décembre 1964) |
| 260 | |aOttawa - Ontario : |bAgriculture Canada. |c1965. |
| 300 | |a32p.|bphotographies |
| 500 | |aPublication historique numérisée par Agriculture et Agroalimentaire Canada. «Première édition parue sous le titre Maladies et insectes qui attaquent le framboisier au Canada, juin 1953». |
| 590 | |a13-17-Supp|b2013-07-25 |
| 691 | 07|aFruit|2gcpds |
| 691 | 07|aInsecte|2gcpds |
| 691 | 07|aOrganisme nuisible|2gcpds |
| 775 | 08|tDiseases and insect pests of raspberries and other cane fruits / |w(CaOODSP)9.697381 |
| 856 | 40|ahttp://publications.gc.ca|qPDF|s2.65 Mo|uhttps://publications.gc.ca/collections/collection_2013/aac-aafc/agrhist/A43-880-1965-fra.pdf |
| 986 | |a880 |